[Event "SA Championship"]
[Site "Adelaide"]
[Date "2008.04.15"]
[Round "11.3"]
[White "Sykes, Alexander"]
[Black "Djelaj, Pasko"]
[Result "0-1"]
[WhiteElo "1920"]
[BlackElo "1647"]
[PlyCount "68"]
[EventDate "2008.02.05"]
[EventType "tourn"]
[EventRounds "11"]
[EventCountry "AUS"]

1. d4 Nf6 2. c4 e6 3. Nc3 d5 4. Bg5 Bb4 5. e3 Nbd7 6. a3 Be7 7. Nf3 b6 8. cxd5
exd5 9. b4 Bb7 10. Qb3 a6 11. a4 h6 12. Bh4 c6 13. Bd3 O-O 14. Bg3 Re8 15. Ne5
Bf8 16. O-O Qe7 17. Rab1 Rac8 18. Rfc1 Nxe5 19. Bxe5 g6 20. b5 axb5 21. axb5 c5
22. Bxf6 Qxf6 23. Nxd5 Qg5 24. e4 cxd4 25. Rxc8 Rxc8 26. Nxb6 Rc1+ 27. Rxc1
Qxc1+ 28. Bf1 Bxe4 29. Nd7 Bg7 30. Qc4 Qxc4 31. Bxc4 d3 32. Kf1 Bc3 33. f3 d2
34. Be2 Bd3 0-1

[Event "SA Championship"]
[Site "Adelaide"]
[Date "2008.04.15"]
[Round "11.4"]
[White "Mdinaradze, Edgar"]
[Black "Zulfic, Fedja"]
[Result "1-0"]
[WhiteElo "1908"]
[BlackElo "1767"]
[PlyCount "123"]
[EventDate "2008.02.05"]
[EventType "tourn"]
[EventRounds "11"]
[EventCountry "AUS"]

1. d4 d5 2. c4 Bf5 3. Nc3 e6 4. cxd5 exd5 5. Qb3 Nc6 6. Qa4 a6 7. a3 Nf6 8. Nf3
Be7 9. Bf4 O-O 10. e3 b5 11. Qd1 Na5 12. Bd3 Bxd3 13. Qxd3 Nc4 14. Qc2 c5 15.
dxc5 Bxc5 16. O-O Qb6 17. Rad1 Rad8 18. Nd4 Bd6 19. Bxd6 Nxd6 20. Qe2 Nde4 21.
Rc1 Rc8 22. Na2 Rc4 23. b3 Rcc8 24. f3 Nc5 25. Rc3 Ne6 26. Rd1 Rfe8 27. Qb2 h6
28. Rxc8 Rxc8 29. Nc3 Qc5 30. Nce2 Re8 31. Rc1 Qa7 32. Kf2 Nc5 33. Qc2 Rc8 34.
Qd2 Qd7 35. Kf1 Ne6 36. Rc3 Rxc3 37. Qxc3 Qc7 38. Qc6 Qxc6 39. Nxc6 Nc7 40. Nc3
Kf8 41. Ke2 Ke8 42. Kd3 Kd7 43. Nd4 g6 44. h3 Kd6 45. g4 Nd7 46. h4 Nc5+ 47.
Kc2 N7e6 48. Nce2 f6 49. Kc3 g5 50. h5 Ng7 51. Ng3 Nd7 52. Ngf5+ Nxf5 53. Nxf5+
Ke6 54. f4 Nc5 55. Nxh6 Ne4+ 56. Kd4 a5 57. Nf5 Kf7 58. Kxd5 Nf2 59. fxg5 fxg5
60. e4 Nxg4 61. e5 Ke8 62. h6 1-0

[Event "SA Championship"]
[Site "Adelaide"]
[Date "2008.04.15"]
[Round "11.5"]
[White "Rigo, Bernard"]
[Black "Jackson, Ralph"]
[Result "1/2-1/2"]
[WhiteElo "1777"]
[BlackElo "1901"]
[PlyCount "149"]
[EventDate "2008.02.05"]
[EventType "tourn"]
[EventRounds "11"]
[EventCountry "AUS"]

1. e4 g6 2. d4 Bg7 3. c4 d6 4. Nc3 Nc6 5. Be3 e5 6. d5 Nce7 7. g4 f5 8. gxf5
gxf5 9. Qh5+ Kf8 10. Bh3 Nf6 11. Qf3 f4 12. Bd2 a6 13. Bxc8 Qxc8 14. h3 Qe8 15.
Qd3 Qh5 16. Nf3 h6 17. O-O-O Kf7 18. Kb1 Rab8 19. Rdg1 b5 20. cxb5 axb5 21. Rg2
Rhg8 22. Nh2 Rgc8 23. Ng4 Rb7 24. Rhg1 Nd7 25. Qf3 Kf8 26. Qe2 Bh8 27. Qf3 b4
28. Ne2 Nf6 29. Qd3 Ra8 30. Nc1 Nfg8 31. Qf3 Qf7 32. b3 Rab8 33. Qd3 Ra8 34.
Qc4 Rab8 35. Nd3 c5 36. Nc1 Qh7 37. Be1 Nf6 38. Nxf6 Bxf6 39. Rg4 Kf7 40. Kb2
Rg8 41. Rxg8 Nxg8 42. Qa6 Rd7 43. Qc6 Ke8 44. Qc8+ Bd8 45. f3 Ne7 46. Qa6 Ng6
47. Qf1 Nh4 48. Rg4 Ng6 49. Qg2 Nf8 50. Qg1 h5 51. Rg2 Kf7 52. Kb1 Ng6 53. Nd3
Ne7 54. Rd2 Bb6 55. Nb2 Rd8 56. Kc1 Rg8 57. Qf1 Qg6 58. Nc4 Bc7 59. Kd1 Qg1 60.
Qxg1 Rxg1 61. Rh2 Nc8 62. Ke2 Bd8 63. a4 bxa3 64. Nxa3 Rg6 65. b4 cxb4 66. Bxb4
Ke7 67. Nc4 Kd7 68. Be1 Nb6 69. Na5 Na4 70. Nc6 Bb6 71. Nb8+ Kc7 72. Na6+ Kd7
73. Nb8+ Kc8 74. Nc6 Kd7 75. Nb8+ 1/2-1/2

[Event "SA Ch Playoff"]
[Site "Adelaide"]
[Date "2008.04.22"]
[Round "1"]
[White "Cloudsdale, Colin"]
[Black "Mdinaradze, Edgar"]
[Result "1-0"]
[WhiteElo "1962"]
[BlackElo "1908"]
[PlyCount "95"]

1. e4 d6 2. d4 g6 3. Nc3 Bg7 4. Be2 Nc6 5. Be3 Nf6 6. h3 a6 7. Nf3 Rb8 8. Qd2
h6 9. a4 e6 10. Rd1 Qe7 11. Nh2 Bd7 12. O-O e5 13. d5 Nd8 14. b4 Bc8 15. f3 Nh5
16. Rfe1 Nf4 17. Bf1 h5 18. Ne2 g5 19. Nxf4 gxf4 20. Bf2 b6 21. c4 Bf6 22. c5
Bh4 23. Bxh4 Qxh4 24. cxd6 cxd6 25. Qf2 Qg3 26. Bd3 Qg7 27. Qh4 f6 28. Rc1 Nf7
29. Rc7 Rg8 30. Re2 Qg6 31. Rec2 Kd8 32. Qf2 Bxh3 33. Kh1 Bd7 34. Bxa6 Bxa4 35.
Rc8+ Ke7 36. R2c7+ Bd7 37. Rxb8 Rxb8 38. Bb5 Rd8 39. Qxb6 Ng5 40. Qa7 Qe8 41.
Bc6 Nh7 42. b5 Nf8 43. b6 Rb8 44. Bxd7 Nxd7 45. Rxd7+ Qxd7 46. Qxb8 Qb5 47.
Qc7+ Kf8 48. b7 1-0

[Event "SA Ch Playoff"]
[Site "Adelaide"]
[Date "2008.05.02"]
[Round "2"]
[White "Mdinaradze, Edgar"]
[Black "Cloudsdale, Colin"]
[Result "1-0"]
[WhiteElo "1908"]
[BlackElo "1962"]
[PlyCount "148"]
[EventDate "2008.??.??"]

1. d4 Nf6 2. c4 e6 3. Nf3 b6 4. Nc3 Bb7 5. e3 Be7 6. Be2 O-O 7. O-O d5 8. b3
Ne4 9. Nxe4 dxe4 10. Nd2 Nd7 11. Bb2 Nf6 12. Qc2 Qd7 13. Rad1 Rfd8 14. a3 a5
15. Nb1 Qe8 16. Nc3 Qf8 17. a4 Rd7 18. Nb5 Rad8 19. f4 Ne8 20. g4 f5 21. Rf2 g6
22. Rg2 Ng7 23. h3 Bb4 24. Bf1 Qe7 25. g5 Kf7 26. Ba1 c6 27. Nc3 Ba6 28. Na2
Bd6 29. Qc3 Rg8 30. Rgd2 Bc8 31. h4 Nh5 32. Rf2 Bc7 33. b4 e5 34. c5 b5 35.
axb5 exf4 36. bxc6 fxe3 37. Qxe3 Rd5 38. Bc4 Be6 39. Nc3 Rgd8 40. Bxd5 Bxd5 41.
Nxd5 Rxd5 42. b5 Bg3 43. Rdf1 f4 44. Re2 Bxh4 45. Rxf4+ Nxf4 46. Qxf4+ Rf5 47.
Qxh4 Rxg5+ 48. Kf1 Rf5+ 49. Qf2 e3 50. Qxf5+ gxf5 51. c7 Qe4 52. Rxe3 Qxe3 53.
c8=Q Qf3+ 54. Ke1 Qe3+ 55. Kd1 Qd3+ 56. Kc1 Qc4+ 57. Kd2 Qa2+ 58. Ke3 Qxa1 59.
Qxf5+ Kg7 60. Qe5+ Kg6 61. c6 Qc1+ 62. Kd3 Qb1+ 63. Ke2 Qc2+ 64. Kf3 a4 65.
Qe4+ Qxe4+ 66. Kxe4 a3 67. c7 a2 68. c8=Q a1=Q 69. Qc6+ Kg5 70. Qc5+ Kg6 71. b6
Qb1+ 72. Ke5 Qf5+ 73. Kd6 Qf8+ 74. Kd7 h5 1-0